=LDR 00000nam 2200000 4500 =001 INLIS000000000029072 =005 20200526081801 =035 ##$$a 0010-061300000029072 =008 200526################g##########0#ind## =041 ##$$a Ind =082 ##$$a 2x4.124 =090 ##$$a 2x4.124, Sun k =100 1#$$a Sunarto, Ahkmad =245 1#$$a Khutbah pedoman muslim, /$c Achmad Sunarto =260 ##$$a Jakarta :$b Pustaka Amani,$c 2004 =300 ##$$a v, 178 hlm, ; $c 14x21 cm =650 #4$$a Khutbah =850 ##$$a NBPNMAT =084 ##$$a 2x4.124 SUN k =250 ##$$a cet.2 =990 ##$$a 20800276 =990 ##$$a 20800274 =990 ##$$a 20800273